වැඩිහිටියන් සඳහා නීති ආධාර ලබාදීමේ ව්‍යාපෘතිය (Record no. 4472)

MARC details
000 -LEADER
fixed length control field 00692nam a2200169 4500
003 - CONTROL NUMBER IDENTIFIER
control field LK-CoMWRAF
005 - DATE AND TIME OF LATEST TRANSACTION
control field 20231214221300.0
008 - FIXED-LENGTH DATA ELEMENTS--GENERAL INFORMATION
fixed length control field 231214b |||||||| |||| 00| 0 eng d
040 ## - CATALOGING SOURCE
Original cataloging agency LK-CoMWRAF
Modifying agency LK-CoMWRAF
Description conventions LK-CoMWRAF
041 ## - LANGUAGE CODE
Language code of text/sound track or separate title Sinhala; Sinhalese
082 ## - DEWEY DECIMAL CLASSIFICATION NUMBER
Classification number 340
Item number SAM
942 ## - ADDED ENTRY ELEMENTS (KOHA)
Koha item type Books
100 ## - MAIN ENTRY--PERSONAL NAME
Personal name සමරසිංහ, පියුමි කුමාරි
245 ## - TITLE STATEMENT
Title වැඩිහිටියන් සඳහා නීති ආධාර ලබාදීමේ ව්‍යාපෘතිය
246 ## - VARYING FORM OF TITLE
Title proper/short title eadihitiyan sandaha neethi adhara labadeeme wyapruthiya
260 ## - PUBLICATION, DISTRIBUTION, ETC. (IMPRINT)
Place of publication, distribution, etc. කොළඹ :
Name of publisher, distributor, etc. ශ්‍රී ලංකා නීති ආධාර කොමිෂන් සභාව
Date of publication, distribution, etc. 2010
Holdings
Withdrawn status Lost status Damaged status Not for loan Permanent Location Current Location Date acquired Full call number Barcode Koha item type
        Resource center, Muslim Women's Research And Action Forum Resource center, Muslim Women's Research And Action Forum 2023-12-14 340 SAM RAF4863 Books

Copyright © 2023 Muslim Women's Research and Action Forum (MWRAF), No 27/3, Anderson Road, Kalubowila, Dehiwela. Funded by The Asia Fundation